|
|
|
|
| LEADER |
00000nab a2200000 ar4500 |
| 001 |
vtls010268656 |
| 003 |
SK-MaSNL |
| 005 |
20260303092813.0 |
| 008 |
110406c2011 xo wr|p|||||||000 b|slo |
| 038 |
|
|
|a PPPK
|
| 040 |
|
|
|a PPPKCL
|b slo
|c PPPKCL
|e AACR2
|
| 041 |
0 |
|
|a slo
|
| 044 |
|
|
|a xo
|c SK
|
| 080 |
|
|
|a 791.229.2.079
|2 2001
|
| 080 |
|
|
|a 791.43-92
|2 2001
|
| 080 |
|
|
|a 791.65.079
|2 2001
|
| 100 |
1 |
|
|a Senderák, Adrián
|4 aut
|9 1103033
|
| 245 |
1 |
0 |
|a Ozveny festivalu Jeden svet 2011
|b o čom píšete?
|c Adrián SENDERÁK
|
| 610 |
2 |
7 |
|a Klub Zóna pri Dome kultúry (Poprad, Slovensko)
|2 pppkcl
|9 1043576
|
| 611 |
2 |
7 |
|a Jeden svet
|n (11. :
|d 2011 :
|c Poprad, Slovensko)
|2 pppkcl
|9 1103034
|
| 648 |
|
7 |
|a 15.-18.3.2011
|2 pppkcl
|9 1103035
|
| 650 |
0 |
7 |
|a dokumentárne filmy
|2 pppkcl
|9 3400
|
| 650 |
0 |
7 |
|a filmové festivaly a prehliadky
|2 pppkcl
|9 3405
|
| 650 |
0 |
7 |
|a medzinárodné festivaly
|2 pppkcl
|9 301604
|
| 651 |
|
7 |
|a Poprad (Slovensko)
|2 pppkcl
|9 20155
|
| 773 |
0 |
|
|t Podtatranské noviny
|g Roč. LII, č. 13 (2011), s. 4
|x 1210-2423
|
| 852 |
|
|
|a PPPK
|b KIS3GCP
|
| 999 |
|
|
|c 1813085
|d 1815015
|